LIBRARY & INFORMATION CENTRE, KCAET, TAVANUR

ONLINE PUBLIC ACCESS CATALOGUE (OPAC)

Water availability and climatic water balance for a selected cropped area (Record no. 15530)

MARC details
000 -LEADER
fixed length control field 00530nam a22001577a 4500
003 - CONTROL NUMBER IDENTIFIER
control field OSt
008 - FIXED-LENGTH DATA ELEMENTS--GENERAL INFORMATION
fixed length control field 180919b ||||| |||| 00| 0 eng d
082 ## - DEWEY DECIMAL CLASSIFICATION NUMBER
Classification number 631.587
Item number VEN/WA
100 ## - MAIN ENTRY--AUTHOR NAME
Personal name Venkata sai
245 ## - TITLE STATEMENT
Title Water availability and climatic water balance for a selected cropped area
260 ## - PUBLICATION, DISTRIBUTION, ETC. (IMPRINT)
Place of publication Thavanoor
Name of publisher Department of irrigation and drinage engineering
Year of publication 2018
300 ## - PHYSICAL DESCRIPTION
Number of Pages 123
Accompanying material CD
700 ## - ADDED ENTRY--PERSONAL NAME
Personal name Asha joseph (Guide)
856 ## - ELECTRONIC LOCATION AND ACCESS
Uniform Resource Identifier <a href="https://drive.google.com/open?id=13Wnev16pb_K9EnrH_tgjxhZh3bwFNdYQ">https://drive.google.com/open?id=13Wnev16pb_K9EnrH_tgjxhZh3bwFNdYQ</a>
942 ## - ADDED ENTRY ELEMENTS (KOHA)
Koha item type Books
Holdings
Withdrawn status Lost status Damaged status Home library Current library Date acquired Full call number Accession Number Koha item type
      KAUAET KAUAET 19/09/2018 631.587 VEN/WA T 426 Project Report
free website counter